000 00469nam a22001817a 4500
005 20250327120054.0
008 250327b |||||||| |||| 00| 0 eng d
020 _a9780199460830
_c1195.00
040 _aMAIN
041 _aEnglish
082 _a338.1
_bBHA
100 _aBhattacharjee, Govind
_925470
245 _aSpecial category states of India
260 _aNew Delhi
_bOxford University Press
_c2016
300 _a506
650 _aEconomics
_979
942 _cBK
999 _c59555
_d59555